Flags of Modern-Day Countries (1800) - Statistics

General Stats
  • This quiz has been taken 78 times
  • The average score is 17 of 85
Answer Stats
Picture Answer % Correct
Germany
83%
United Kingdom
70%
Spain
61%
Portugal
59%
Sri Lanka
58%
France
55%
Sweden
50%
Kazakhstan
48%
Netherlands
44%
Russia
44%
San Marino
44%
United States
42%
Austria
33%
Turkey
33%
Vatican City
32%
China
30%
Nepal
30%
Iran
29%
Ireland
29%
Saudi Arabia
29%
Zimbabwe
29%
Denmark/Norway
26%
Laos
26%
India
24%
Moldova
24%
Switzerland
23%
Tunisia
23%
Thailand
21%
Uganda
21%
Ukraine
21%
Uzbekistan
21%
DR Congo/Republic of the Congo
20%
Libya
20%
Brunei
18%
Cambodia
18%
Greece
18%
Madagascar
18%
Finland
17%
Guyana/Indonesia
17%
Oman
17%
Vietnam
17%
Czech Republic
15%
Italy
15%
Ethiopia
14%
Hungary
14%
Pakistan
14%
Bosnia and Herzegovina
12%
Estonia
12%
Japan
12%
Mexico
12%
Niger
12%
Brazil
11%
Korea
11%
Liechtenstein
11%
Romania
11%
Turkmenistan
11%
Bangladesh
9%
Chad
9%
Ghana
9%
Algeria
8%
Haiti
8%
Kuwait
8%
Maldives
8%
Morocco
8%
Peru
8%
Somalia/United Arab Emirates
8%
South Sudan
8%
Eritrea/Iraq
6%
Georgia
6%
Latvia
6%
Lithuania
6%
Nigeria
6%
Singapore
6%
Sudan
6%
Yemen
6%
Bahrain
5%
Chile
5%
Guinea
5%
Malaysia
5%
Mauritius
5%
Nicaragua
5%
Phillipines
5%
Qatar
5%
Senegal
5%
Slovakia
5%
No matching quizzes found
Score Distribution
Percent of People with Each Score
Percentile by Number Answered
Your Score History
You have not taken this quiz